00695nam a2200217Ia 4500003000900000008004100009040001300050040001300063041000800076100002300084245007900107250002500186260000800211260000900219300001100228300001000239490000600249942000700255999001700262952019800279IT-RoPAU120407s9999 xx 000 0 und d aIT-RoPAU cIT-RoPAU aita aGerardo Cappelluti aIl Collegio Apostolico della Penitenzieria di Santa Maria Maggiore in Roma aCittà del Vaticano aLev c1988 a166 p. c19 cm v1 cBK c26841d26841 00102ddc406271_27000000000000071aPAULUSbPAULUSd2012-04-11l0o271.27r2012-04-11 00:00:00w2012-04-11yBKzInserito da: LuigiG In data: 27 ottobre 2011 fondo: Via A.Severo 56 Progr:12090